000 00694nam a2200205Ia 4500
003 GCL
008 140319s9999 xx 000 0 ara d
040 _aGCL /
_cGCL
082 0 4 _aد
_b050
_bد هــ
245 1 0 _aطه حسين امام النيابة ( الهلال يولية 1970 )
260 _aالقاهرة :
_bدار الهلال للطباعة والنشر ،
_c1970
650 0 4 _aثورة 23 يوليو 1952
650 0 4 _aالادباء العرب
650 0 4 _aمصر - تاريخ
650 0 4 _aبيتهوفن
650 0 4 _aالفنانون - تراجم
650 0 4 _aجمال عبدالناصر
650 0 4 _aمصر - تاريخ - العصر الحديث
942 _2ddc
_cCR
999 _c6717
_d6717